| Tag |
First Indicator |
Second Indicator |
Subfields |
| LEADER |
00000cam a2200000 a 4500 |
| 001 |
in00000085088 |
| 005 |
20151008055740.0 |
| 007 |
he bm----b--- |
| 008 |
820611r19801980fr a bb i10000 eng d |
| 035 |
|
|
|a (OCoLC)08513510
|
| 035 |
|
|
|9 AAJ4278AM
|
| 040 |
|
|
|a TXA
|c TXA
|d UtOrBLW
|
| 049 |
|
|
|a TXAI
|
| 099 |
|
|
|a fiche
|a S
|a 145
|a no. 282
|
| 245 |
0 |
0 |
|a Centrifugal compressors, flow phenomena and performance :
|b papers presented at the 55th(B) Specialists' Meeting of the Propulsion and Energetics Panel of AGARD held at the Royal Library, Brussels, Belgium, on 7-9 May 1980.
|
| 264 |
|
1 |
|a Neuilly sur Seine, France :
|b North Atlantic Treaty Organization, Advisory Group for Aerospace Research and Development,
|c 1980.
|
| 300 |
|
|
|a 342 pages in various pagings :
|b illustrations ;
|c 30 cm.
|
| 336 |
|
|
|a text
|b txt
|2 rdacontent
|
| 337 |
|
|
|a microform
|b h
|2 rdamedia
|
| 338 |
|
|
|a microfiche
|b he
|2 rdacarrier
|
| 490 |
1 |
|
|a AGARD conference proceedings ;
|v no. 282
|
| 500 |
|
|
|a English and French.
|
| 504 |
|
|
|a Includes bibliographies.
|
| 533 |
|
|
|a Microfiche.
|b Neuilly sur Seine, France :
|c North Atlantic Treaty Organization,
|d 1980.
|e 4 microfiches : negative, ill. ; 11 x 15 cm.
|
| 500 |
|
|
|a Microform.
|
| 650 |
|
0 |
|a Compressors
|x Congresses.
|
| 650 |
|
0 |
|a Impellers
|x Congresses.
|
| 650 |
|
0 |
|a Diffusers
|x Congresses.
|
| 650 |
|
0 |
|a Fluid dynamics
|v Congresses.
|
| 710 |
2 |
|
|a North Atlantic Treaty Organization.
|b Advisory Group for Aerospace Research and Development.
|b Propulsion and Energetics Panel.
|
| 830 |
|
0 |
|a AGARD conference proceedings ;
|v no. 282.
|
| 999 |
|
|
|a MARS
|
| 999 |
f |
f |
|s 78aa4f84-20a3-3de7-ae17-4e23cf37cf5b
|i cb5693dc-8138-3da2-aa37-775e697e501c
|t 0
|
| 952 |
f |
f |
|p normal
|a Texas A&M University
|b College Station
|c Sterling C. Evans Library
|d Evans: Microforms (3rd floor)
|t 0
|e fiche S 145 no. 282
|h Other scheme
|i microform -- microfiche
|m A14832930385
|
| 998 |
f |
f |
|a fiche S 145 no. 282
|t 0
|l Evans: Microforms (3rd floor)
|